000 02162nam a22004577a 4500
003 AR-RoUNA
005 20250429113944.0
020 _a0-458-95880-8
040 _aAR-RoUNA
_bspa
_dAR-RoUNA
041 _aeng
044 _aag
100 _aHodge, Gerald
_927096
245 _aPlanning canadian communities
_b: An Introduction to the Principales, Practice and Participants /
260 _aToronto :
_bMenthuen,
_c1986.
300 _a386 p. :
_bplanos
_bil. byn.
_c23x15 cm
504 _ap. 369-377
505 0 _tCONTENIDO
505 0 _aPrólogo / La necesidad de la planificación comunitaria. p. 3
505 0 _tPARTE 1 : LAS RAICES DE LAS PLANIFICACION CANADIENSE
505 0 _a 1. El origen de las ciudades actuales. p. 21
505 0 _a 2. Fundamentos físicos de la planificación comunitaria canadiense. p. 40
505 0 _a3. Establecimiento de la agenda social para la planificación comunitaria. p. 75
505 0 _a4. La perspectiva institucional en evolución. p. 108
505 0 _tPARTE 2 : LA PRÁCTICA DE LA PLANIFICACIÓN COMUNITARIA.
505 0 _a 5. Enfoque en el entorno físico. p. 139
505 0 _a 6. Etapas del proceso de planificación. p. 160
505 0 _a7. El plan comunitario: sus características y función. p. 201
505 0 _a8. Implementación del plan comunitario mediante la regulación del uso del suelo. p. 217
505 0 _a 9. Iniciativas de política pública en planificación comunitaria. p. 249
505 0 _a 10. Planificación regional y metropolitana en Canadá. p. 269
505 0 _a11. Planificación para las pequeñas ciudades de Canadá. p. 293
505 0 _tPARTE 3 : PARTICIPACIÓN Y TOMA DE DECISIONES EN LA PLANIFICACIÓN COMUNITARIA.
505 0 _a12. Decidiendo sobre el plan comunitario.
505 0 _a 13. La textura de la participación en la planificación comunitaria.
505 0 _aEpílogo: Antecedentes y tendencias en la planificación canadiense.
650 _aUrbanismo
_vPlanificación urbana
_vHistoria
_zCanadá
908 _aImp
942 _2udc
_cLIB
945 _d2025-04-29
980 _65
_aMaría Machado
_85
_gMaría Machado
999 _c11949
_d11949